| 000 | 00473cam a2200193ua 4500 | ||
|---|---|---|---|
| 020 | _c30.00 | ||
| 041 |
_aeng _h |
||
| 082 |
_a551.48 _bBHA/EL |
||
| 100 | _aBhattacharya, P K . | ||
| 245 |
_aElements of applied hydrology / _cP K Bhattacharya. _hTextual Documents |
||
| 250 |
_a1 / _b. |
||
| 260 |
_aDelhi : _bKhanna publishers , _c1996. |
||
| 300 | _a226 ; . | ||
| 365 | _a30.00 | ||
| 504 | _a | ||
| 942 | _cBK | ||
| 999 |
_c9548 _d9548 |
||